000 00397nam a2200133 i 4500
001 bg
100 1 _aKOWALSKI, Tadeusz
245 0 _aStopień biochemicznego rozkładu zanieczyszczeń organicznych wód i ścieków oraz ich podatność na oczyszczanie /
_cT.Kowalski.
260 _aWrocław,
_c1988.
040 _cBPK
041 _apol
942 _cKS
008 s pl f |000 0 pol
999 _c29021
_d29021
856 _uhttp://koha.tu.koszalin.pl/cgi-bin/koha/opac-detail.pl?biblionumber=29021
_yKatalog online BPK